Quizzes
Events
Quiz Creation
Community
Videos
Private Events
Remove Ads
Sign In
Join for FREE
Feedback
Dark Mode
Quiz Categories
Sports
Geography
Music
Movies
Television
Just For Fun
Miscellaneous
History
Literature
Language
Science
Gaming
Entertainment
Religion
Holiday
For Kids
Quiz Lab
Recent
Popular Today
Quiz Kudos Today
Editor Picks
Curator Picks
Quizzes by...
Day
Popularity
Type
Ratings
Length
Year
Community
Subscriptions
Recent Discussions
Orange Saloon
Badges
Playlists
Quests
Create
Leaderboards
Showdown
Live 5
Trivia Bingo
Activity
Puzzle Library
Sporcle Events
Private Events
Virtual Trivia
Globe League
Become a Host
Pub Owners
SporcleCon
Opinionation
Our Games
Videos
Blog
Mobile Apps
Partnerships
Remove Ads and Go Orange
Feedback
Sports
Athletes
MLB
NBA
NHL
NFL
Soccer
Sports Teams
WWE
NCAA
Football
Premier League
Basketball
Baseball
Hockey
Golf
Tennis
Cricket
Rugby
Auto Racing
Olympics
World Cup
Sports
Athletes
MLB
NBA
NHL
NFL
Soccer
Sports Teams
WWE
NCAA
Football
Premier League
Basketball
Baseball
Hockey
Golf
Tennis
Cricket
Rugby
Auto Racing
Olympics
World Cup
Random Quiz
Search Sporcle
×
Quiz Lab
Quiz Lab
Sports
NBA
Type in answers that appear in a list
Type in answers that appear in a list
Classic
Best Score? Go Orange.
NBA team by obscure '94-'95 team member Stats
Can you name the NBA team by obscure '94-'95 team member?
By
burgerking
7m
27 Questions
515 Plays
515 Plays
515 Plays
Comments
Comments
Give Quiz Kudos
Give Quiz Kudos
-
- Ratings
hide this ad
Forced Order
Answers have to be entered in order
Answers have to be entered in order
Replay
Link that replays current quiz
Next Quiz
Link to next quiz in quiz playlist
You Got
0%
They Got
Avg Score
53%
Avg Friend Score
Upgrade to see
Score Distribution
Jump to the score distribution portion of the page
Score
0/27
Timer
07:00
0
Plays Today
Player
Team
% Correct
Will Perdue
Chicago Bulls
81.2%
Sam Cassell
Houston Rockets
77.1%
Byron Russell
Utah Jazz
74.8%
Isaiah Rider
Minnesota Timberwolves
74%
Stacey Augmon
Atlanta Hawks
69.1%
Shawn Bradley
Philadelphia 76ers
65.8%
Rick Fox
Boston Celtics
61.6%
Allan Houston
Detroit Pistons
59.2%
Calbert Cheaney
Washington Bullets
58.4%
Spud Webb
Sacramento Kings
54.2%
Anthony Peeler
Los Angeles Lakers
54.2%
Clifford Robinson
Portland Trail Blazers
52.6%
Doc Rivers
New York Knickerbockers
51.3%
Pooh Richardson
Los Angeles Clippers
50.9%
Player
Team
% Correct
Popeye Jones
Dallas Mavericks
50.1%
Hot Rod Williams
Cleveland Cavaliers
49.9%
Haywoode Workman
Indiana Pacers
48.3%
Jalen Rose
Denver Nuggets
48%
Todd Day
Milwaukee Bucks
47.2%
Robert Parish
Charlotte Hornets
46.4%
Bimbo Coles
Miami Heat
46.2%
Tree Rollins
Orlando Magic
45.2%
Wayman Tisdale
Phoenix Suns
42.7%
Moses Malone
San Antonio Spurs
41%
Kendall Gill
Seattle SuperSonics
38.1%
Tim Legler
Golden State Warriors
34.2%
Sleepy Floyd
New Jersey Nets
34%
Quiz Playlist
Details
Report
Send in Message
Add To Playlist
Classic:
Type in answers that appear in a list
Forced Order:
Answers have to be entered in order
Last Updated: Feb 16, 2017
Quiz Scoreboard
CHALLENGE
Sign Up to Join the Scoreboard
Show All
Scores
Hide
Comments
May contain spoilers
Recently Published
Movies - When Are They Set?
by FPL_Elf
Movies
5m
Popular People in 1961
by mucciniale
History
6m
1-10 Letter E Words III
by El_Dandy
Language
2m
More to Explore
Quiz From the Vault
Featured Blog Post
Where Did the Easter Bunny Come From?
hide this ad
You Might Also Like...
Tags
Basketball Quiz
NBA Quiz
obscure
Player
team
Today's Top Quizzes in Sports
Browse Sports
hide this ad
Today's Top Quizzes in NBA
Browse NBA
Top Contributed Quizzes in Sports
1
Les meilleurs buteurs des matchs entre le PSG et l’OM
2
Les entraîneurs de l'OM et du PSG au 21e siècle
3
FIFA Club World Cup Champions
4
2022 World Cup Stars
5
Name the Premier League winners with different clubs
6
La finale Lions - Afrique du Sud 2021
7
Criteria MLB: Left Handed Sluggers
8
Players with Multiple 50 Home Run Seasons
9
MLB Players with Two .350 Batting Average Seasons
10
MLB Hall of Famer by Rings
Explore More
Trending Topics
Kpop
Crossword
Marvel
Disney
NBA
Anime
Harry Potter
The Office
Soccer
NFL
Pokémon
Country
WWE
Puzzle
Song
hide this ad
More By:
burgerking
Quiz
Plays
Rating
Category
Featured
Created
Big East schools by location
4,264
2.62
Sports
Dec 7, 2010
NBA team by obscure '94-'95 team member
515
3.89
Sports
Dec 7, 2010
MLB Team by Most Populous Metro Area
224
4.67
Sports
Dec 8, 2010
Go to Creator's Profile
Score Distribution
Quiz Creator Spotlight
burgerking
Follow
Send a Message
Quizzes Created
-
Created Quiz Play Count
-
More By This Creator
Popular Quizzes Today
1
Find the US States - No Outlines Minefield
2
Find the Countries of Europe - No Outlines Minefield
3
The Countries of the World
4
Popular People in 1961
5
1-10 Letter E Words III
6
US States
7
Find the US States
8
One Thing in Common: World Cities II
More Sports Quizzes
Name the champions in WCW in 2000
Quiz Lab
Trending Quizzes
Risky Map Clicking: Least Populous States A-Z
1-10 Letter F Words
1-10 Letter G Words
One Thing in Common: United Kingdom
Risky Map Clicking: Next State Alphabetically
Recently Updated
Leaping Animals
pecheneg
Reality TV Shows (A-Z)
bhenderson79
Rickey Henderson's Hall of Fame Teammates
pecheneg
Champions League XIs: Arsenal
pecheneg
Quick Pick: Celebrities in WWE's Hall of Fame
aduchscher
A-Z Keypad Blitz II
pecheneg
Multiple Oscar Actors
pecheneg
Mystery Phrase Blitz: Oscar 'Best Actors'
pecheneg
F. Scott Fitzgerald Novels
LTH
Pick 3 Villains
ddd62291
Trending Topics
Kpop
Marvel
Harry Potter
Anime
Disney
Crossword
NBA
The Office
Country
Soccer
WWE
NFL
Pokémon
Song
Puzzle
Your Account Isn't Verified!
In order to create a playlist on Sporcle, you need to verify the email address you used during registration. Go to your
Sporcle Settings
to finish the process.
Report this User
Report this user for behavior that violates our
Community Guidelines
.
Details:
Send Report
Go to the Sporcle.com Mobile Site →
Comments